Research of Dynamic RQ System M/M/1 with Unreliable Server; Communications in Computer and Information Science; Vol. 1803 : Information Technologies and Mathematical Modelling. Queueing Theory and Applications, ITMM 2022

Бібліографічні деталі
Parent link:Communications in Computer and Information Science
Vol. 1803 : Information Technologies and Mathematical Modelling. Queueing Theory and Applications, ITMM 2022.— 2023.— P. 212-224
Автор: Voronina N. M. Natalia Mikhailovna
Співавтор: Национальный исследовательский Томский политехнический университет
Інші автори: Rozhkova S. V. Svetlana Vladimirovna, Fedorova E. A. Ekaterina Aleksandrovna
Резюме:Title screen
The paper considers a single-line retrial queueing (RQ) system with an unreliable server controlled by a dynamic random multiple access protocol. A study of the prelimit probability distribution of the number of applications in orbit has been carried out. To study this system, the method of generating functions is used
AM_Agreement
Мова:Англійська
Опубліковано: 2023
Предмети:
Онлайн доступ:https://doi.org/10.1007/978-3-031-32990-6_18
Формат: Електронний ресурс Частина з книги
KOHA link:https://koha.lib.tpu.ru/cgi-bin/koha/opac-detail.pl?biblionumber=672107

MARC

LEADER 00000naa0a2200000 4500
001 672107
005 20251117132413.0
090 |a 672107 
100 |a 20210301d2019 k||y0rusy50 ba 
101 0 |a eng 
102 |a DE 
135 |a drcn ---uucaa 
181 0 |a i   |b  e  
182 0 |a b 
183 0 |a cr  |2 RDAcarrier 
200 1 |a Research of Dynamic RQ System M/M/1 with Unreliable Server  |f N. M. Voronina, S. V. Rozhkova, E. A. Fedorova 
203 |a Текст  |c электронный  |b визуальный 
283 |a online_resource  |2 RDAcarrier 
300 |a Title screen 
320 |a References: 23 tit. 
330 |a The paper considers a single-line retrial queueing (RQ) system with an unreliable server controlled by a dynamic random multiple access protocol. A study of the prelimit probability distribution of the number of applications in orbit has been carried out. To study this system, the method of generating functions is used 
371 0 |a AM_Agreement 
461 1 |t Communications in Computer and Information Science 
463 1 |t Vol. 1803 : Information Technologies and Mathematical Modelling. Queueing Theory and Applications, ITMM 2022  |o 21th International Conference, Karshi, Uzbekistan, October 25–29, 2022, Revised Selected Papers  |v P. 212-224  |d 2023 
610 1 |a электронный ресурс 
610 1 |a труды учёных ТПУ 
610 1 |a Retrial queue 
610 1 |a Dynamic random multiple access protocol 
610 1 |a Unreliable server 
700 1 |a Voronina  |b N. M.  |c Specialist in the field of informatics and computer technology  |c Senior Lecturer of Tomsk Polytechnic University  |f 1980-  |g Natalia Mikhailovna  |9 22398 
701 1 |a Rozhkova  |b S. V.  |c mathematician  |c Professor of Tomsk Polytechnic University, Doctor of Physical and Mathematical Sciences  |f 1971-  |g Svetlana Vladimirovna  |3 (RuTPU)RU\TPU\pers\34139  |9 17679 
701 1 |a Fedorova  |b E. A.  |g Ekaterina Aleksandrovna 
712 0 2 |a Национальный исследовательский Томский политехнический университет  |c (2009- )  |9 26305 
801 2 |a RU  |b 63413507  |c 20240408  |g RCR 
856 4 |u https://doi.org/10.1007/978-3-031-32990-6_18  |z https://doi.org/10.1007/978-3-031-32990-6_18 
942 |c CF